000 01077nam a22002655i 4500
001 151803
003 ES-MaACL
005 20250930063130.0
008 960920s1883 sp |||| | spa d
040 _aCYL
_bspa
_cCYL
100 _aBello, Andrés,
_d1781-1865
_9221746
245 1 0 _aPrincipios de derecho internacional /
_cpor Andrés Bello.
250 _aNueva edición
_bilustrada con notas por Carlos Martínez Silva.
260 _aMadrid :
_b[s.n.],
_c1883 (
_fImprenta de A. Pérez Dubrull)
300 _a2 v. ;
_c17 cm.
490 1 _aColección de escritores castellanos. Jurisconsultos ;
_v10, 11
505 8 _aContiene : t. I. Estado de paz (XXXIII, 357 p.) -- t. II. Estado de guerra (392 p.)
597 _aPortada adicional.
700 1 _aMartínez Silva, Carlos,
_d1847-
_eed. lit.
_9221749
700 2 1 _aPerez Dubrull, Antonio.
_9221752
752 _aEspaña -
_dMadrid
830 0 _aColección de escritores castellanos. Jurisconsultos ;
_v10, 11
_9221270
852 _aES-MaACL
_jF-12427-12428
_z-- Enc. hol.
999 _c151803
_d151803